000 00217nam a22000857a 4500
008 170614b xxu||||| |||| 00| 0 eng d
100 _93388
_aTayal. B.B
245 _aSocial Science for us
260 _aNew Delhi
_bA. P
_c2009
999 _c6746
_d6746